Statistics for Bordering Countries by Clue #2

Click here to take the quiz!

General Stats

  • This quiz has been taken 11,429 times
  • The average score is 17 of 20

Answer Stats

Hint Answer % Correct
Its most famous cathedral caught
fire in 2019
France
96%
Where the Yellow River flowsChina
96%
Kathmandu is its capitalNepal
95%
Has the same name as a U.S. stateGeorgia
94%
Where Mozart livedAustria
94%
Is led by a chancellorGermany
92%
Fez and Marrakesh are former capitalsMorocco
92%
Contains the region of TransylvaniaRomania
92%
Its leader enjoys judo and riding
horses while shirtless
Russia
91%
The largest country in AfricaAlgeria
90%
The largest country that doesn't
border the ocean
Kazakhstan
89%
European country with a few small
possessions in Africa
Spain
89%
Where Mt. Kilimanjaro can be foundTanzania
81%
Its citizens are known as MagyarsHungary
81%
Its currency is the LiraTurkey
78%
Home to the Black Sea port of VarnaBulgaria
75%
Once owned by the King of BelgiumD. R. Congo
74%
Named after a riverNiger
72%
Its name describes its geographical
position in the continent
Central African
Republic
72%
N'Djamena is its capitalChad
68%

Score Distribution

Percentile by Number Answered

Percent of People with Each Score

Your Score History

You have not taken this quiz